Los centros de apoyo escolar : 10 años en red :
Guardado en:
| Autor Principal: | |
|---|---|
| Otros Autores: | |
| Formato: | Libro |
| Publicado: |
Córdoba :
Fundación Arcor
|
| Materias: | |
| Etiquetas: |
Agregar Etiqueta
Sin Etiquetas, Sea el primero en etiquetar este registro!
|
| LEADER | 00919nam a22002175a 4500 | ||
|---|---|---|---|
| 001 | CEM.cems011063 | ||
| 005 | 20071205151841.0 | ||
| 008 | 130507b######################000#0#####d | ||
| 003 | CEMS | ||
| 020 | |a 9879848101 | ||
| 082 | 0 | 4 | |a SG371.42 |
| 100 | 1 | |a Delpy, Susana | |
| 245 | 1 | 0 | |a Los centros de apoyo escolar : |b 10 años en red : |c Susana Delphy, Pablo Forni |
| 260 | |a Córdoba : |b Fundación Arcor | ||
| 300 | |a 82 p. | ||
| 505 | 0 | |a Los orígenes y la trayectoria de la RAE -- Los centros de apoyo escolar -- Los talleres -- Con los niños -- Con los padres -- Evaluación de las actividades de la Red de Apoyo Escolar -- El proyecto leer y escribir -- Distintas opiniones acerca del trabajo de los centros | |
| 653 | |a Apoyo escolar | ||
| 653 | |a Centros de apoyo escolar | ||
| 653 | |a Biblioteca maría de los angeles saggio | ||
| 700 | 1 | |a Forni, Pablo | |
| 859 | |a CEMS |b BIB. CEMS - 11 de abril |h SG371.42 |i D384 |p 21773.02 |t Ej.1 | ||
